Statistics for Ice Age: Collision Course Characters Quiz

Click here to take the quiz!

General Stats

  • This quiz has been taken 114 times
  • The average score is 13 of 22

Answer Stats

Actor/ActressDescriptionCharacter% Correct
Ray RomanoA woolly mammoth and the leader of The HerdManny
99%
Denis LearyA saber tooth tiger and the member of The HerdDiego
97%
John LeguizamoA ground sloth and the founder of The HerdSid
97%
Queen LatifahA female wooly mammoth who is Manny's wifeEllie
95%
Simon PeggA one-eyed weasel and a dinosaur hunter who reunites with The Herd to warn them of the coming asteroidBuck
92%
Josh PeckOne of two possums that are Ellie's brothersEddie
92%
Seann William ScottOne of two possums that are Ellie's brothersCrash
88%
Keke PalmerA young female woolly mammoth, who is Manny and Ellie's daughterPeaches
86%
Wanda SykesAn aging ground sloth and Sid's grandmotherGranny
75%
Chris WedgeA saber tooth squirrelScrat
68%
Jennifer LopezA female saber tooth tiger, who is Diego's wife and former first mate pirateShira
64%
Jessie JA ground sloth who is a resident of Geotopia and the love interest of SidBrooke
53%
Adam DeVineA woolly mammoth and Peaches's fianceJulian
51%
Max GreenfieldA freaky and cowardly dromaeosaur and Gavin's sonRoger
49%
Stephanie BeatrizA dromaeosaur and Gavin's daughterGertie
48%
Nick OffermanA handsome dromaeosaur and the father of Roger and GertieGavin
40%
Jessie Tyler FergusonA yoga-loving llama and the spiritual leader of GeotopiaShangri Llama
29%
Neil DeGrasse TysonA weasel astronomer who exists in Buck's mindNeil DeBuck Weasel
21%
Michael StrahanA fearless rabbit and a resident of GeotopiaTeddy
21%
Melissa RauchA ground sloth who has a close relationship with Sid as she is his former girlfriendFrancine
18%
Lilly SinghOne of two "minicorns" that reside in GeotopiaBubbles
14%
Lilly SinghOne of two "minicorns" that reside in GeotopiaMisty
12%

Score Distribution

Percentile by Number Answered

Percent of People with Each Score

Your Score History

You have not taken this quiz